000 00455nam a22001697a 4500
999 _c526557
_d526557
003 NUST
020 _qH/B
038 _awaseem
082 _a297.31
_bSAB
100 _aSabir, Ayub
_917573
245 _aAllama Iqbal K Taswar-e-Jatiad /
_cAyub Sabir
260 _aIslamabad :
_bA.I.O.U,
_c2008.
300 _a281 p. ;
880 _6100-01\r
_aایوب صابر
880 _6245-02\r
_aعلامہ اقبال کا تصوراجتہاد /
942 _2ddc
_cBK